Alle Länder nach Abkürzungen - Statistiken

Allgemein
  • Dieses Quiz wurde 129 mal gespielt
  • Das Durchschnittsergebnis liegt bei 96 aus 196
Antwortstatistiken
Abkürzung Land % Korrekt
ad Andorra
86%
va Vatikanstadt
86%
af Afghanistan
81%
al Albanien
78%
ar Argentinien
78%
au Australien
77%
ag Antigua und Barbuda
74%
at Österreich
73%
be Belgien
73%
am Armenien
72%
bh Bahrain
72%
bo Bolivien
72%
de Deutschland
72%
br Brasilien
70%
ch Schweiz
70%
ba Bosnien und Herzegowina
69%
ao Angola
68%
bi Burundi
68%
bn Brunei
68%
es Spanien
68%
bg Bulgarien
67%
gr Griechenland
67%
bt Bhutan
66%
bs Bahamas
65%
ca Kanada
65%
dk Dänemark
65%
fi Finnland
65%
et Äthiopien
64%
ga Gabun
64%
bw Botswana
63%
bz Belize
63%
cr Costa Rica
63%
ec Ecuador
63%
ge Georgien
63%
bf Burkina Faso
61%
co Kolumbien
61%
cu Kuba
61%
do Dominikanische Republik
61%
fr Frankreich
61%
gb Vereinigtes Königreich
61%
ae Vereinigte Arabische Emirate
60%
bb Barbados
60%
cl Chile
60%
cn China
60%
cy Zypern
60%
ir Iran
60%
bd Bangladesch
59%
ci Elfenbeinküste
59%
er Eritrea
59%
gh Ghana
59%
in Indien
59%
li Liechtenstein
59%
cm Kamerun
58%
dm Dominica
58%
ne Niger
58%
cz Tschechien
57%
eg Ägypten
57%
gn Guinea
57%
is Island
57%
it Italien
57%
cv Kap Verde
56%
gd Grenada
56%
gm Gambia
56%
ma Marokko
56%
sa Saudi-Arabien
56%
az Aserbaidschan
55%
no Norwegen
55%
id Indonesien
53%
pa Panama
53%
gt Guatemala
52%
hu Ungarn
52%
jo Jordanien
52%
lt Litauen
52%
lu Luxemburg
52%
ml Mali
52%
na Namibia
52%
sl Sierra Leone
52%
gy Guyana
51%
hr Kroatien
51%
ht Haiti
51%
il Israel
51%
jp Japan
51%
kn St. Kitts und Nevis
51%
kr Südkorea
51%
me Montenegro
51%
ni Nicaragua
51%
pl Polen
51%
se Schweden
51%
jm Jamaika
50%
ke Kenia
50%
la Laos
50%
om Oman
50%
si Slowenien
50%
fm Föderierte Staaten von Mikronesien
49%
kg Kirgisistan
49%
md Moldawien
49%
pe Peru
49%
ua Ukraine
49%
ve Venezuela
49%
ki Kiribati
48%
km Komoren
48%
mc Monaco
48%
my Malaysia
48%
ru Russland
48%
sk Slowakei
48%
sr Suriname
48%
hn Honduras
47%
mn Mongolei
47%
mx Mexiko
47%
ph Philippinen
47%
so Somalia
47%
kw Kuwait
45%
lb Libanon
45%
nl Niederlande
45%
nr Nauru
45%
sc Seychellen
45%
sn Senegal
45%
mg Madagaskar
44%
mt Malta
44%
mw Malawi
44%
sm San Marino
44%
st São Tomé und Príncipe
44%
sy Syrien
44%
us Vereinigte Staaten
44%
cd Demokratische Republik Kongo
43%
ie Irland
43%
kz Kasachstan
43%
pt Portugal
43%
sd Sudan
43%
dj Dschibuti
42%
iq Irak
42%
ls Lesotho
42%
mm Myanmar
42%
np Nepal
42%
pk Pakistan
42%
tr Türkei
42%
bj Benin
41%
ee Estland
41%
lr Liberia
41%
lv Lettland
41%
mr Mauretanien
41%
mu Mauritius
41%
mv Malediven
41%
ng Nigeria
41%
ss Südsudan
41%
sv El Salvador
41%
by Belarus
40%
fj Fidschi
40%
ly Libyen
40%
mk Nordmazedonien
40%
mz Mosambik
40%
nz Neuseeland
40%
sb Salomonen
40%
to Tonga
40%
sg Singapur
39%
tn Tunesien
39%
lc St. Lucia
38%
ro Rumänien
38%
th Thailand
38%
cg Republik Kongo
36%
kh Kambodscha
36%
mh Marshallinseln
36%
py Paraguay
36%
gw Guinea-Bissau
34%
pg Papua-Neuguinea
34%
ug Uganda
34%
cf Zentralafrikanische Republik
33%
kp Nordkorea
33%
tg Togo
33%
tv Tuvalu
33%
dz Algerien
32%
gq Äquatorial-Guinea
32%
lk Sri Lanka
32%
qa Katar
32%
tt Trinidad und Tobago
32%
tw Taiwan
31%
vu Vanuatu
31%
tz Tansania
30%
uy Uruguay
30%
vn Vietnam
30%
za Südafrika
30%
tm Turkmenistan
28%
sz Eswatini
27%
td Tschad
27%
rw Ruanda
26%
tl Osttimor
25%
rs Serbien
24%
tj Tadschikistan
24%
uz Usbekistan
24%
pw Palau
23%
ye Jemen
23%
zm Sambia
22%
zw Simbabwe
20%
vc St. Vincent und die Grenadinen
19%
ws Samoa
10%
xk Kosovo
7%
Keine übereinstimmenden Quizze gefunden
Verteilung der Resultate
Anzahl Personen mit jedem Resultat
Perzentil nach korrekt beantworteten Fragen
Ihre Resultats-Entwicklung
Sie haben dieses Quiz noch nicht gespielt